000 00767nam a22002177a 4500
005 20100804122956.0
010 _aENG-100794
020 _c1095.00
_a8173043531(Series)
020 _c1095.00
_a817304712X( vol vii)
035 _aEN-84327
037 _bDBAD/PUB
082 _a921
245 _aJayaprakash Narayan :
_cedited by Bimal Prashad
_bselected works volume vii (1954-1960)
260 _aNew Delhi
_bManohar
_c2007
270 _a4753/23 Ansari Road, Daryaganj
_bNew Delhi
_e110002
300 _aV.7. xxviii,676p
_b24cm (Hb)
500 _aIncludes index
700 _aPrashad, Bimal
_96065
942 _2ddc
_cEN
_h921
_mJAY
999 _c42351
_d42351